The last place on earth / (Record no. 4128)

000 -LEADER
fixed length control field nam a22 a 4500
003 - CONTROL NUMBER IDENTIFIER
control field AKMAL
005 - DATE AND TIME OF LATEST TRANSACTION
control field 20170525112847.0
008 - FIXED-LENGTH DATA ELEMENTS--GENERAL INFORMATION
fixed length control field 170525s1999 xxu 00 eng d
020 ## - INTERNATIONAL STANDARD BOOK NUMBER
International Standard Book Number 0375754741 (pbk.):
Terms of availability USD 14.95
020 ## - INTERNATIONAL STANDARD BOOK NUMBER
International Standard Book Number 0689707010
040 ## - CATALOGING SOURCE
Original cataloging agency AKMAL
Transcribing agency AKMAL
082 04 - DEWEY DECIMAL CLASSIFICATION NUMBER
Classification number 919.8904 HUN
090 00 - LOCALLY ASSIGNED LC-TYPE CALL NUMBER (OCLC); LOCAL CALL NUMBER (RLIN)
Classification number (OCLC) (R) ; Classification number, CALL (RLIN) (NR) 919.8904
Local cutter number (OCLC) ; Book number/undivided call number, CALL (RLIN) HUN d
100 1# - MAIN ENTRY--PERSONAL NAME
Personal name Huntford, Roland
9 (RLIN) 8096
245 14 - TITLE STATEMENT
Title The last place on earth /
Statement of responsibility, etc. Roland Huntford
260 ## - PUBLICATION, DISTRIBUTION, ETC.
Place of publication, distribution, etc. New York :
Name of publisher, distributor, etc. The Modern Library,
Date of publication, distribution, etc. 21cm
300 00 - PHYSICAL DESCRIPTION
Extent vii, 588p. [16] leaves of plates :
Other physical details ill., maps ;
Dimensions 21cm
500 ## - GENERAL NOTE
General note Includes index
504 ## - BIBLIOGRAPHY, ETC. NOTE
Bibliography, etc. note Bibliography: p. [567]-569
600 10 - SUBJECT ADDED ENTRY--PERSONAL NAME
Personal name Scott, Robert Falcon,
Dates associated with a name 1868-1912
9 (RLIN) 8097
600 10 - SUBJECT ADDED ENTRY--PERSONAL NAME
Personal name Amundsen, Roald,
Dates associated with a name 1872-1928
9 (RLIN) 8098
650 #0 - SUBJECT ADDED ENTRY--TOPICAL TERM
Topical term or geographic name entry element Explorers
General subdivision Biography
Geographic subdivision Great Britain
9 (RLIN) 8099
650 #0 - SUBJECT ADDED ENTRY--TOPICAL TERM
Topical term or geographic name entry element Explorer
General subdivision Biography
Geographic subdivision Norway
9 (RLIN) 8100
651 #0 - SUBJECT ADDED ENTRY--GEOGRAPHIC NAME
Geographic name South Pole
9 (RLIN) 8101
942 ## - ADDED ENTRY ELEMENTS (KOHA)
Source of classification or shelving scheme
Koha item type Book
Holdings
Withdrawn status Lost status Source of classification or shelving scheme Damaged status Not for loan Collection code Home library Current library Date acquired Inventory number Total Checkouts Full call number Barcode Date last seen Price effective from Koha item type
          NON-FICTION AKMAL Melaka AKMAL Melaka 25.05.2017 900138   919.8904 HUN 201705337 25.05.2017 25.05.2017 Book
Pusat Sumber Maklumat Dato' Haji Sarmin Md Hussin, Akademi Kastam Diraja Malaysia, Melaka
Tel: 06-2331106 | Faks: 06-2313787